Music Quiz

Random Music or Album Quiz

U2 Songs Quiz Stats

 Plays Quiz Updated Nov 8, 2019

Support Sporcle.
Go Orange.
Score 0/161 Timer 15:00
3 Plays Today
Song % Correct
One
82.1%
Sunday Bloody Sunday
79.8%
With or Without You
78.6%
Where the Streets Have No Name
76.5%
Beautiful Day
75.1%
Vertigo
74.2%
Pride (In the Name of Love)
72.3%
I Still Haven't Found What I'm Looking For
70%
I Still Haven't Found What I'm Looking For
70%
Pride
69.4%
New Year's Day
65.5%
The Unforgettable Fire
62.6%
October
61.5%
Mysterious Ways
61.3%
Elevation
60.1%
Zooropa
59.5%
I Will Follow
58.3%
The Miracle (of Joey Ramone)
58.3%
Bullet the Blue Sky
58%
Bullet the Blue Sky
58%
No Line on the Horizon
56.5%
Desire
56%
The Fly
54.3%
Bad
53.8%
Lemon
53.1%
Zoo Station
51.5%
Gloria
51.4%
Walk On
50.9%
City of Blinding Lights
50.5%
Angel of Harlem
50.1%
All I Want Is You
50.1%
MLK
49.7%
40
49.4%
One Tree Hill
48.7%
Red Hill Mining Town
48.6%
Even Better Than the Real Thing
48.6%
Get on Your Boots
48.5%
Who's Gonna Ride Your Wild Horses
48.3%
Numb
48%
Discothèque
47.4%
Stuck in a Moment You Can't Get Out Of
47.3%
Magnificent
47.1%
Helter Skelter
47.1%
Mothers of the Disappeared
46.9%
In God's Country
46.9%
Running to Stand Still
46.8%
Every Breaking Wave
46.3%
Sometimes You Can't Make It on Your Own
46.2%
Iris (Hold Me Close)
46.2%
Exit
45.4%
Ultraviolet (Light My Way)
45.4%
Kite
45.2%
California (There Is No End to Love)
44.9%
New York
44.9%
Song % Correct
Acrobat
44.8%
Song for Someone
44.4%
Raised by Wolves
43.4%
When Love Comes to Town
43.3%
Stay (Faraway, So Close!)
43.2%
Cedarwood Road
43.1%
Until the End of the World
42.5%
Miracle Drug
42.3%
Yahweh
42.2%
Love Is Blindness
42%
Volcano
41.6%
The Electric Co.
41%
Trip Through Your Wires
40.9%
A Sort of Homecoming
40.7%
An Cat Dubh
40.6%
The Troubles
40.4%
Grace
39.7%
Seconds
39.5%
Mofo
39.1%
Staring at the Sun
38.8%
So Cruel
38.7%
Two Hearts Beat as One
38.6%
Van Diemen's Land
38.6%
The Wanderer
38.4%
Daddy's Gonna Pay for Your Crashed Car
37.9%
Wire
37.5%
Wild Honey
37.4%
Out of Control
37.4%
Cedars of Lebanon
37.3%
13 (There Is a Light)
37%
Moment of Surrender
36.8%
I'll Go Crazy If I Don't Go Crazy Tonight
36.8%
Silver and Gold
36.7%
Fez – Being Born
36.7%
Tryin' to Throw Your Arms Around the World
36.6%
All Along the Watchtower
36.6%
Original of the Species
36.3%
All Because of You
36.3%
Elvis Presley and America
36.1%
Breathe
36.1%
A Man and a Woman
35.6%
Crumbs from Your Table
35.5%
Miami
35.3%
Babyface
34.9%
Stories for Boys
34.7%
Love and Peace or Else
34.8%
Surrender
34.7%
The Playboy Mansion
34.6%
In a Little While
34.5%
I Threw a Brick Through a Window
34.4%
Please
34%
Gone
33.9%
Fire
33.8%
Twilight
33.5%
Song % Correct
Unknown Caller
33.5%
Hawkmoon 269
33.5%
White as Snow
33.4%
God Part II
33.4%
Shadows and Tall Trees
33.3%
Stand Up Comedy
33.2%
This Is Where You Can Reach Me Now
32.7%
Sleep Like a Baby Tonight
32.6%
The Refugee
32.4%
The Star Spangled Banner
32.3%
You're the Best Thing About Me
32.3%
Peace on Earth
32.2%
Into the Heart
32%
Wake Up Dead Man
31.9%
If God Will Send His Angels
31.8%
The Blackout
31.8%
American Soul
31.5%
4th of July
31.3%
The Ocean
31.2%
Drowning Man
31%
Get Out of Your Own Way
30.8%
Dirty Day
30.7%
Heartland
30.7%
Red Flag Day
30.7%
Red Light
30.5%
If You Wear That Velvet Dress
30.5%
Indian Summer Sky
30.4%
Promenade
30.3%
Landlady
30.3%
Lights of Home
29.7%
Rejoice
29.4%
Last Night on Earth
29%
Freedom for My People
28.7%
Like a Song...
28.5%
The First Time
28.4%
When I Look at the World
28.3%
Love Is All We Have Left
28.1%
Tomorrow
28%
Do You Feel Loved
28%
Scarlet
27.8%
Love Rescue Me
27.8%
A Day Without Me
27.5%
Some Days Are Better Than Others
27%
One Step Closer
26.8%
Is That All?
26.5%
Summer of Love
26.4%
I Fall Down
26%
Love Is Bigger Than Anything in Its Way
25.5%
The Showman (Little More Better)
24.9%
Another Time, Another Place
24.4%
Stranger in a Strange Land
23.5%
With a Shout
23.3%
The Little Things That Give You Away
23%

You're not logged in!

Compare scores with friends on all Sporcle quizzes.
OR
Log In

From the Vault

LogiCrossword: The Simpsons

by El_Dandy

We're just sticking to the main family members here. Sorry, other Springfielders.
Remove Ads.
Support Sporcle.
Get the best of Sporcle when you Go Orange. This ad-free experience offers more features, more stats, and more fun while also helping to support Sporcle. Thank you for becoming a member.

Show Comments

Extras

Top Quizzes Today


Score Distribution

Your Account Isn't Verified!

In order to create a playlist on Sporcle, you need to verify the email address you used during registration. Go to your Sporcle Settings to finish the process.

Report this User

Report this user for behavior that violates our Community Guidelines.

Details: